[Event "CZE-chT2F 1011"]
[Site "Czech Republic"]
[Date "2011.02.06"]
[Round "7.8"]
[White "Holeksa, Milos"]
[Black "Vavrinek, Michal"]
[Result "1/2-1/2"]
[WhiteElo "2099"]
[BlackElo "1837"]
[PlyCount "64"]
[EventDate "2010.10.17"]
[EventType "team-tourn"]
[EventRounds "11"]
[EventCountry "CZE"]
[SourceTitle "EXT 2012"]
[Source "ChessBase"]
[SourceDate "2011.11.24"]
[SourceVersion "1"]
[SourceVersionDate "2011.11.24"]
[SourceQuality "1"]
[WhiteTeam "Havirov"]
[BlackTeam "Benesov"]
[WhiteTeamCountry "CZE"]
[BlackTeamCountry "CZE"]

1. e4 e6 2. d4 d5 3. Nd2 Nf6 4. e5 Nfd7 5. f4 c5 6. c3 b6 7. Ndf3 Ba6 8. Bd3 Be7 9. Ne2 Qc8 10. 0-0 Bxd3 11. Qxd3 Qa6 12. Qc2 Nc6 13. Be3 Rc8 14. Qd2 0-0 15. Bf2 cxd4 16. Nfxd4 Nc5 17. Nxc6 Rxc6 18. Bxc5 Bxc5+ 19. Kh1 b5 20. a3 Qb6 21. Rfe1 Rfc8 22. Rad1 Qb7 23. Qd3 h6 24. f5 a5 25. f6 g6 26. Qd2 Kh7 27. Qf4 b4 28. axb4 axb4 29. Rd3 bxc3 30. bxc3 Bf8 31. Qd2 Qc7 32. Rc1 Bb4 1/2-1/2